[Event "CHI-ch 0809"]
[Site "Santiago de Chile"]
[Date "2009.02.17"]
[Round "6"]
[White "Elias Valenzuela, Arturo"]
[Black "Silva Sanchez, Carlos"]
[Result "1/2-1/2"]
[WhiteElo "2112"]
[BlackElo "2388"]
[PlyCount "133"]
[EventDate "2009.01.13"]
[EventType "tourn"]
[EventRounds "11"]
[EventCountry "CHI"]
[SourceTitle "EXT 2012"]
[Source "ChessBase"]
[SourceDate "2011.11.24"]
[SourceVersion "1"]
[SourceVersionDate "2011.11.24"]
[SourceQuality "1"]

1. d4 Nf6 2. c4 c5 3. Nf3 cxd4 4. Nxd4 Nc6 5. Nc3 Qb6 6. e3 g6 7. Be2 Bg7 8. 0-0 0-0 9. b3 d6 10. Bb2 Bd7 11. Nxc6 bxc6 12. Bf3 Rad8 13. Qe2 Qa6 14. Ne4 Nxe4 15. Bxg7 Kxg7 16. Bxe4 f6 17. Qb2 Rb8 18. Rac1 Be6 19. Qc2 c5 20. Bd5 Bxd5 21. cxd5 Rb4 22. Rfe1 Rfb8 23. Qe2 Qxe2 24. Rxe2 a5 25. g3 f5 26. Rce1 a4 27. bxa4 Rxa4 28. e4 fxe4 29. Rxe4 Rxe4 30. Rxe4 Rb1+ 31. Kg2 Kf6 32. a4 Rd1 33. Re2 Rxd5 34. a5 c4 35. Ra2 Rc5 36. a6 Rc8 37. Kf3 Ke5 38. Ke3 Ra8 39. a7 Kd5 40. Ra5+ Kc6 41. Kd4 Kb6 42. Ra4 Rxa7 43. Rxc4 e6 44. Rc8 Ra4+ 45. Ke3 e5 46. Rh8 Ra7 47. Rc8 Rc7 48. Rd8 Kc6 49. Ke4 Rf7 50. f3 Rg7 51. Rc8+ Kd7 52. Rh8 Ke6 53. Re8+ Re7 54. Rd8 h5 55. h4 Ra7 56. Re8+ Kf7 57. Rd8 Ke7 58. Rg8 Ra4+ 59. Ke3 Kf6 60. Rf8+ Kg7 61. Rd8 Rd4 62. f4 Rd5 63. Ke4 Rd1 64. Rd7+ Kh6 65. fxe5 Re1+ 66. Kf3 dxe5 67. Re7 1/2-1/2

[Event "CHI-ch 0809"]
[Site "Santiago de Chile"]
[Date "2009.02.15"]
[Round "4"]
[White "Elias Valenzuela, Arturo"]
[Black "Cuevas Araya, Walter"]
[Result "1-0"]
[WhiteElo "2112"]
[BlackElo "2182"]
[PlyCount "105"]
[EventDate "2009.01.13"]
[EventType "tourn"]
[EventRounds "11"]
[EventCountry "CHI"]
[SourceTitle "EXT 2012"]
[Source "ChessBase"]
[SourceDate "2011.11.24"]
[SourceVersion "1"]
[SourceVersionDate "2011.11.24"]
[SourceQuality "1"]

1. d4 Nf6 2. c4 g6 3. Nc3 Bg7 4. e4 d6 5. Nf3 0-0 6. Be2 e5 7. 0-0 Nc6 8. d5 Ne7 9. Ne1 Ne8 10. f3 f5 11. g4 f4 12. h4 h5 13. g5 Rf7 14. Nd3 Bf8 15. Bd2 Kh7 16. Rf2 Bd7 17. Bf1 Ng8 18. Be1 Be7 19. Rc1 Ng7 20. c5 Qe8 21. Qb3 Rb8 22. Rfc2 Bf8 23. Bf2 b6 24. cxb6 cxb6 25. Nb4 Rc8 26. a4 Qe7 27. Nc6 Bxc6 28. dxc6 Rxc6 29. Bc4 Rxc4 30. Qxc4 Qe6 31. Qxe6 Nxe6 32. Nd5 Rd7 33. Rc8 Kg7 34. b4 Kf7 35. Nc7 Nd8 36. Ra8 Ne7 37. b5 Nb7 38. Ne8 Nc5 39. Nf6 Rb7 40. Rd1 Nxa4 41. Rxd6 Nc3 42. Rd7 Rxd7 43. Nxd7 Bg7 44. Rxa7 Nxb5 45. Rb7 Nd4 46. Nxb6 Nxf3+ 47. Kg2 Nd4 48. Bxd4 exd4 49. Nd5 Bf8 50. Nxf4 Ke8 51. Rb6 Kf7 52. Rf6+ Kg7 53. Ne6+ 1-0

[Event "CHI-ch 0809"]
[Site "Santiago de Chile"]
[Date "2009.02.13"]
[Round "1"]
[White "Elias Valenzuela, Arturo"]
[Black "Farfan Ortiz, Enrique Alfredo"]
[Result "0-1"]
[WhiteElo "2112"]
[BlackElo "2242"]
[PlyCount "58"]
[EventDate "2009.01.13"]
[EventType "tourn"]
[EventRounds "11"]
[EventCountry "CHI"]
[SourceTitle "EXT 2012"]
[Source "ChessBase"]
[SourceDate "2011.11.24"]
[SourceVersion "1"]
[SourceVersionDate "2011.11.24"]
[SourceQuality "1"]

1. d4 d5 2. c4 c6 3. Nf3 Nf6 4. Nc3 e6 5. e3 Nbd7 6. Bd3 Bd6 7. 0-0 0-0 8. e4 dxc4 9. Bxc4 e5 10. Re1 Qc7 11. Bg5 exd4 12. Bxf6 Nxf6 13. Qxd4 Rd8 14. e5 Bf8 15. Qh4 Nd5 16. e6 fxe6 17. Ng5 h6 18. Nxe6 Bxe6 19. Rxe6 Bc5 20. Rae1 Kh8 21. Qh5 Rf8 22. Ne4 Bd4 23. Bxd5 cxd5 24. Qxd5 Rad8 25. Qh5 Qf4 26. Qe2 Qf7 27. Qc4 Bxf2+ 28. Nxf2 Qxf2+ 29. Kh1 Rd2 0-1

[Event "CHI-chT Universities"]
[Site "Valparaiso"]
[Date "2007.11.11"]
[Round "7"]
[White "Elias Valenzuela, Arturo"]
[Black "Avalos Parra, Joao"]
[Result "1-0"]
[WhiteElo "2112"]
[BlackElo "2272"]
[PlyCount "55"]
[EventDate "2007.11.08"]
[EventType "team"]
[EventRounds "7"]
[EventCountry "CHI"]
[SourceTitle "EXT 2012"]
[Source "ChessBase"]
[SourceDate "2011.11.24"]
[SourceVersion "1"]
[SourceVersionDate "2011.11.24"]
[SourceQuality "1"]
[WhiteTeam "Universidad de Antofagasta"]
[BlackTeam "Universidad Arturo Prat"]
[WhiteTeamCountry "CHI"]
[BlackTeamCountry "CHI"]

1. Nf3 Nf6 2. c4 e6 3. Nc3 d5 4. d4 c6 5. e3 a6 6. Bd3 c5 7. cxd5 exd5 8. dxc5 Bxc5 9. a3 0-0 10. 0-0 Nc6 11. b4 Bb6 12. Bb2 Re8 13. Na4 Bc7 14. Qc2 h6 15. h3 Ne4 16. Nc5 Ng5 17. Nxg5 Qxg5 18. f4 Qh4 19. Rf3 Bd6 20. Raf1 Nd8 21. Qc3 Bf8 22. f5 f6 23. Qb3 Nf7 24. Qxd5 Rd8 25. Qb3 b5 26. Rf4 Qg3 27. Be4 Ra7 28. Bxf6 1-0

[Event "CHI-chT Universities"]
[Site "Valparaiso"]
[Date "2007.11.08"]
[Round "1"]
[White "Jeraldo Zepeda, Christian Andres"]
[Black "Elias Valenzuela, Arturo"]
[Result "0-1"]
[WhiteElo "2037"]
[BlackElo "2112"]
[PlyCount "46"]
[EventDate "2007.11.08"]
[EventType "team"]
[EventRounds "7"]
[EventCountry "CHI"]
[SourceTitle "EXT 2012"]
[Source "ChessBase"]
[SourceDate "2011.11.24"]
[SourceVersion "1"]
[SourceVersionDate "2011.11.24"]
[SourceQuality "1"]
[WhiteTeam "Universidad de La Serena"]
[BlackTeam "Universidad de Antofagasta"]
[WhiteTeamCountry "CHI"]
[BlackTeamCountry "CHI"]

1. e4 Nf6 2. Nc3 d5 3. e5 d4 4. Nce2 Ng4 5. f4 c5 6. Nf3 Qa5 7. c3 d3 8. Ng3 c4 9. Nd4 h5 10. Qf3 g5 11. h3 gxf4 12. hxg4 fxg3 13. Rxh5 Rxh5 14. gxh5 Qxe5+ 15. Qe3 Qxh5 16. Qxg3 Bd7 17. b3 e5 18. Nf3 Nc6 19. bxc4 0-0-0 20. Bb2 e4 21. Qg5 Bg4 22. Qxh5 Bxh5 23. Nd4 Ne5 0-1

[Event "Nestor Roldan Memorial U18"]
[Site "Arequipa"]
[Date "2002.08.20"]
[Round "3"]
[White "Elias Valenzuela, Arturo"]
[Black "Vera, Kelver"]
[Result "1/2-1/2"]
[WhiteElo "2044"]
[BlackElo "2233"]
[PlyCount "77"]
[EventDate "2002.08.19"]
[EventType "tourn"]
[EventRounds "11"]
[EventCountry "PER"]
[SourceTitle "EXT 2003"]
[Source "ChessBase"]
[SourceDate "2002.11.25"]
[SourceVersion "1"]
[SourceVersionDate "2002.11.25"]
[SourceQuality "1"]

1. c4 Nf6 2. Nc3 g6 3. Nf3 Bg7 4. g3 0-0 5. Bg2 c6 6. e4 d5 7. cxd5 cxd5 8. e5 Ne4 9. 0-0 Nc6 10. d4 Bf5 11. Be3 Nxc3 12. bxc3 Na5 13. Nh4 Be6 14. f4 Nc4 15. Bc1 f5 16. exf6 Bxf6 17. f5 gxf5 18. Nxf5 Qd7 19. g4 Nd6 20. Bh6 Rf7 21. Nxd6 Qxd6 22. g5 Bg7 23. Qh5 Bf5 24. Bh3 Raf8 25. Bxg7 Kxg7 26. Rae1 Bxh3 27. Qxh3 Rxf1+ 28. Rxf1 Rxf1+ 29. Qxf1 e5 30. Qf5 e4 31. Kg2 Qf8 32. Qxd5 Qf3+ 33. Kg1 Qd1+ 34. Kg2 Qe2+ 35. Kg3 Qf3+ 36. Kh4 Qf4+ 37. Kh3 Qf3+ 38. Kh4 Qf2+ 39. Kg4 1/2-1/2